Premier League Managers Who Played for Manchester United - Statistics

General Stats
  • This quiz has been taken 406 times
    85 since last reset
  • The average score is 7 of 14
Answer Stats
Years at Manchester United Answer Premier League Clubs Managed % Correct
1996-2007 Ole Gunnar Solskjær Cardiff City, Manchester United
84%
1990-2014 Ryan Giggs Manchester United
82%
1980-1986, 1988-1995 Mark Hughes Blackburn Rovers, Manchester City, Fulham, Queens Park Rangers, Stoke City, Southampton
80%
1993-2005 Roy Keane Sunderland
77%
2001-2006 Ruud van Nistelrooy Leicester City
76%
1987-1996 Steve Bruce Birmingham City, Wigan Athletic, Sunderland, Hull City, Newcastle United
76%
1981-1994 Bryan Robson Middlesbrough, West Bromwich Albion
57%
1989-1995 Paul Ince Blackburn Rovers
46%
1972-1974 George Graham Arsenal, Leeds United, Tottenham Hotspur
30%
1975-1983 Steve Coppell Crystal Palace, Reading
30%
1984-1989 Gordon Strachan Coventry City, Southampton
28%
1989-1994 Mike Phelan Hull City
24%
1967-1974 Brian Kidd Blackburn Rovers
22%
1979-1984 Ray Wilkins Queens Park Rangers
16%
No matching quizzes found
Score Distribution
Percent of People with Each Score
Percentile by Number Answered
Your Score History
You have not taken this quiz since the last reset